000
00350nam a2200145Ia 4500
008
230718s9999 xx 000 0 und d
041
_a
Eng.
082
_a
326.06
_b
RAN-M
100
_a
Rana Khalid Masood
245
0
_a
Mancal & bond Revenue laws
260
_a
Pakistan
_b
I might law fablishe
_c
1997
300
_a
1149
650
_a
Law
999
_c
26519
_d
26519